000 00814nam a2200277 a 4500
001 10060
003 BD-RjUL
005 20211208234903.0
008 140122s1981 paua 001 0 eng d
020 _a0030578663
035 _a(BD-RjUL)10107
040 _aDLC
_cDLC
_dDLC
_dBD-RjUL
_beng
041 _aeng
082 0 0 _a540
_223
_bWHG
100 1 _aWhitten, Kenneth W.
_928092
245 1 0 _aGeneral chemistry /
_cKenneth W. Whitten, Kenneth D. Gailey.
260 _aPhiladelphia :
_bSaunders College Pub.,
_cc1981.
300 _axxvi, 856, 34, xxi p. :
_bill. (some col.) ;
_c26 cm.
490 0 _aSaunders golden sunburst series
504 _aIncludes index.
650 0 _aChemistry.
_931047
700 1 _aGailey, Kenneth D.
_928091
942 _2ddc
_cBK
999 _c10060
_d10060